Systems analysis and design for the global enterprise . (Record no. 499)

000 -LEADER
fixed length control field 00646nam a22002057a 4500
008 - FIXED-LENGTH DATA ELEMENTS--GENERAL INFORMATION
fixed length control field 111021t xxu||||| |||| 00| 0 eng d
020 ## - INTERNATIONAL STANDARD BOOK NUMBER
International Standard Book Number 9780071107662
050 ## - LIBRARY OF CONGRESS CALL NUMBER
Classification number T58.6.B46 2007
100 ## - MAIN ENTRY--PERSONAL NAME
Personal name Bentley, Lonnie D.
245 ## - TITLE STATEMENT
Title Systems analysis and design for the global enterprise .
Statement of responsibility, etc Lonnie D Bentley, Jeffrey L Whitten and Gary Randolph
250 ## - EDITION STATEMENT
Edition statement 7th ed.
260 ## - PUBLICATION, DISTRIBUTION, ETC. (IMPRINT)
Place of publication, distribution, etc Boston :
Name of publisher, distributor, etc McGraw Hill/ Irwin ,
Date of publication, distribution, etc 2007 .
300 ## - PHYSICAL DESCRIPTION
Extent xv, 747 p.
Other physical details col. ill.
500 ## - GENERAL NOTE
General note Includes index.
650 ## - SUBJECT ADDED ENTRY--TOPICAL TERM
Topical term or geographic name as entry element Systems design
650 ## - SUBJECT ADDED ENTRY--TOPICAL TERM
Topical term or geographic name as entry element System analysis
650 ## - SUBJECT ADDED ENTRY--TOPICAL TERM
Topical term or geographic name as entry element International trade
700 ## - ADDED ENTRY--PERSONAL NAME
Personal name Whitten, L. Jeffrey
942 ## - ADDED ENTRY ELEMENTS (KOHA)
Source of classification or shelving scheme
Item type Book
Holdings
Withdrawn status Lost status Source of classification or shelving scheme Damaged status Not for loan Home library Current library Date acquired Source of acquisition Total Checkouts Total Renewals Full call number Barcode Date last seen Date last borrowed Copy number Price effective from Koha item type
          Riara University Library Riara University Library 21/10/2011 Purchase 2 2 T58.6.B46 2007 2773/11 09/12/2025 10/11/2025 C.1 21/10/2011 Book
          Riara University Library Riara University Library 21/10/2011 Purchase 3   T58.6.B46 2007 2775/11 12/04/2017 22/03/2017 C.2 21/10/2011 Book
          Riara University Library Riara University Library 21/10/2011 Purchase 1   T58.6.B46 2007 2774/11 07/06/2016 11/05/2016 C.3 21/10/2011 Book

Riara University Library,
P.O. Box 49940-00100,
Nairobi, Kenya.